00544nam a2200181 a 45000010010000000030011000100080041000210350026000620820014000881000017001022450055001192600032001746500019002069420012002259520090002379980020003279990015003470000-8929ELIB.Books110520 1992  a(ELIB.Books)0000-9077 a248 bCar aCarder, Dave aTorn Asunder: recovering from extramarital affairs bChicago: Moody Press c1992 aChristian Life 2ddccBK 00102ddc4070aKBTSbKBTSd2011-05-20l0p9478r2022-01-22 00:00:00w2022-01-22yBK cbate2011-05-20 c8929d8929